| 000 | 00666nam a2200241 a 4500 | ||
|---|---|---|---|
| 999 |
_c5642 _d5642 |
||
| 001 | 5642 | ||
| 003 | BD-JhCC | ||
| 005 | 20210329134019.0 | ||
| 008 | 171219s19471991b |||| || | 000 0 eng d | ||
| 035 | _a(BD-JhCC)5642 | ||
| 040 |
_aBD-JhCC _dBD-JhCC |
||
| 041 | _aeng | ||
| 082 |
_a425 _bIRS 1991 |
||
| 100 | _aIrshadullah, MD. | ||
| 245 |
_aA Text Book of Higher English Grammar / _c MD. Irshadullah and Prafulla Kumar De Sarkar |
||
| 250 | _a2nd ed. | ||
| 260 |
_aDhaka : _bSolar Books & Books, _c1991. |
||
| 300 |
_a496 p. : _c20 cm. |
||
| 650 |
_aEnglish Language _xGrammar |
||
| 700 | _aSarkar, Prafulla Kumar De | ||
| 942 |
_2ddc _cBK _02 |
||